|
|
|
|
| LEADER |
00000cam a2200000 c 4500 |
| 001 |
1604766522 |
| 003 |
DE-627 |
| 005 |
20251225192110.0 |
| 007 |
tu |
| 008 |
030430s2003 xx ||||| 00| ||eng c |
| 010 |
|
|
|a 2002035578
|
| 016 |
7 |
|
|a bA303478
|2 UK
|
| 020 |
|
|
|a 0192632760
|9 0-19-263276-0
|
| 035 |
|
|
|a (DE-627)1604766522
|
| 035 |
|
|
|a (DE-576)104467738
|
| 035 |
|
|
|a (DE-599)BSZ104467738
|
| 035 |
|
|
|a (OCoLC)50738365
|
| 040 |
|
|
|a DE-627
|b ger
|c DE-627
|e rakwb
|
| 041 |
|
|
|a eng
|
| 082 |
0 |
|
|a 618.928583605
|
| 082 |
0 |
|
|a 618.92/8583605
|
| 245 |
0 |
0 |
|a Protecting children from abuse and neglect in primary care
|c edited by Michael J. Bannon ...
|
| 263 |
|
|
|a pbk.. - : £29.50 : Formerly CIP
|
| 264 |
|
1 |
|a Oxford [u.a.]
|b Oxford University Press
|c 2003
|
| 300 |
|
|
|a XII, 256 S.
|b Ill.
|c 24 cm.
|
| 336 |
|
|
|a Text
|b txt
|2 rdacontent
|
| 337 |
|
|
|a ohne Hilfsmittel zu benutzen
|b n
|2 rdamedia
|
| 338 |
|
|
|a Band
|b nc
|2 rdacarrier
|
| 500 |
|
|
|a Includes bibliographical references and index
|
| 583 |
1 |
|
|a Archivierung prüfen
|c 20200919
|f DE-640
|z 1
|2 pdager
|
| 650 |
|
0 |
|a Child Sexual Abuse
|x Prevention
|
| 650 |
|
0 |
|a Child Abuse
|x Prevention
|
| 650 |
|
0 |
|a Primary care (Medicine)
|
| 650 |
|
0 |
|a Child health services
|
| 700 |
1 |
|
|8 1\p
|a Bannon, Michael Joseph
|d 1942-
|e Hrsg.
|0 (DE-588)170452700
|0 (DE-627)060544880
|0 (DE-576)131339362
|4 edt
|
| 856 |
4 |
2 |
|u https://digitale-objekte.hbz-nrw.de/storage/2005/12/29/file_233/982509.pdf
|m V:DE-605
|m X:migimw
|q application/pdf
|v 2025-07-00
|3 Inhaltsverzeichnis
|7 1
|
| 883 |
|
|
|8 1\p
|a cgwrk
|d 20241001
|q DE-101
|u https://d-nb.info/provenance/plan#cgwrk
|
| 951 |
|
|
|a BO
|
| ELC |
|
|
|b 1
|
| LOK |
|
|
|0 000 xxxxxcx a22 zn 4500
|
| LOK |
|
|
|0 001 3105736298
|
| LOK |
|
|
|0 003 DE-627
|
| LOK |
|
|
|0 004 1604766522
|
| LOK |
|
|
|0 005 20030430000000
|
| LOK |
|
|
|0 008 030430||||||||||||||||ger|||||||
|
| LOK |
|
|
|0 040
|a DE-21
|c DE-627
|d DE-21
|
| LOK |
|
|
|0 852
|a DE-21
|
| LOK |
|
|
|0 852 1
|c KB 8 E 9728
|9 00
|
| LOK |
|
|
|0 935
|a krim
|
| LOK |
|
|
|0 936ln
|a k4.2.3
|
| LOK |
|
|
|0 939
|a 30-04-03
|b l01
|
| ORI |
|
|
|a SA-MARC-krimdoka001.raw
|
| SIG |
|
|
|a UB: KB 8 E 9728
|